000 00256nam a2200109Ia 4500
008 240731s9999 xx 000 0 und d
245 0 _aParadigms
260 _bRoutledge
856 _uhttps://www.tandfonline.com/loi/cgsj19
942 _2ddc
942 _cTFEJ
999 _c78861
_d78861
945 _a1
_bMadushi Gamage
_c1
_dMadushi Gamage